[Event "Peterborough 4NCL Easter U1700 op"]
[Site "Peterborough"]
[Date "2024.04.01"]
[Round "6"]
[White "Neville, Andy"]
[Black "Fletcher, Ben J"]
[Result "0-1"]
[WhiteElo "1503"]
[BlackElo "1605"]
[PlyCount "68"]
[EventDate "2024.03.29"]
[EventType "swiss"]
[EventRounds "7"]
[EventCountry "ENG"]
[SourceTitle "CB14_2024"]
[SourceDate "2024.04.01"]
[SourceVersion "1"]
[SourceVersionDate "2024.04.01"]
[SourceQuality "1"]

1. e4 c5 2. Nf3 d6 3. c3 Nf6 4. d3 g6 5. Be2 Bg7 6. 0-0 0-0 7. Bg5 Nc6 8. Qd2 a6 9. a4 Bd7 10. Na3 Qc7 11. Nc4 b5 12. axb5 axb5 13. Ne3 Be6 14. Bf4 Na5 15. Qe1 Nb3 16. Nc2 Nxa1 17. Nxa1 Nd7 18. d4 cxd4 19. Nxd4 Bxd4 20. cxd4 Bc4 21. Bxc4 Qxc4 22. Qc3 Qxc3 23. bxc3 Ra3 24. Rc1 Rfa8 25. Nc2 Rxc3 26. h4 Rac8 27. Rb1 Rxc2 28. Rxb5 f6 29. Rb7 R2c7 30. Rb3 h5 31. Rg3 Kf7 32. Rf3 Rg8 33. e5 dxe5 34. Bxe5 Rc4 0-1

[Event "Peterborough 4NCL Easter U1700 op"]
[Site "Peterborough"]
[Date "2024.03.30"]
[Round "2"]
[White "Wallman, James"]
[Black "Neville, Andy"]
[Result "1-0"]
[WhiteElo "1647"]
[BlackElo "1503"]
[PlyCount "81"]
[EventDate "2024.03.29"]
[EventType "swiss"]
[EventRounds "7"]
[EventCountry "ENG"]
[SourceTitle "CB14_2024"]
[SourceDate "2024.04.01"]
[SourceVersion "1"]
[SourceVersionDate "2024.04.01"]
[SourceQuality "1"]

1. e4 c5 2. c3 Nf6 3. e5 Nd5 4. d4 e6 5. Nf3 Nc6 6. c4 Nb6 7. d5 exd5 8. cxd5 Nb4 9. d6 N6d5 10. a3 Qa5 11. Bd2 Nf4 12. Qb3 b5 13. g3 Bb7 14. gxf4 Qa4 15. Qxa4 bxa4 16. axb4 Bxf3 17. Rg1 Rb8 18. Rxa4 cxb4 19. Rxb4 Rxb4 20. Bxb4 g6 21. Nd2 Bd5 22. Bc5 a5 23. b3 Bg7 24. Bb6 f6 25. Bxa5 fxe5 26. Bc3 0-0 27. fxe5 Rb8 28. Bc4 Bf7 29. Bxf7+ Kxf7 30. Ke2 Ke6 31. f4 Rc8 32. Bd4 Bh6 33. Be3 Kf5 34. Rf1 Rc3 35. b4 Rc2 36. b5 Rb2 37. b6 Kg4 38. Rb1 Rxd2+ 39. Bxd2 Bxf4 40. Bxf4 Kxf4 41. b7 1-0